000
00303nam a22001097a 4500
082
_a
658 DOW'M
100
_a
DOWNEY, J. C. T
_9
57255
245
_a
MANAGEMENT IN THE ARMED FORCES ,AN ANATOMY OF THE MILITARY PREFECTION
260
_a
RAWALPINDI
_b
ARMY EDUCATION PRESS
_c
1991
300
_a
221P
942
_c
BK
999
_c
567547
_d
567547